Managers access to informal evaluations and the results of the staff

Princípy výkonového manažmentu. Faktory ocenenia výkonu zamestnanca. Formálne a neformálne hodnotenie zamestnanca.

Na minha lista:
Detalhes bibliográficos
Autor principal: Jarina, Ladislav
Formato: Capítulo de Livro
Idioma:inglês
Assuntos:
Tags: Adicionar Tag
Sem tags, seja o primeiro a adicionar uma tag!

MARC

LEADER 00000naa a2200000 4500
001 0204684
005 20231018110150.4
041 0 |a eng 
044 |a SK 
245 1 0 |a Managers access to informal evaluations and the results of the staff  |c Ladislav Jarina 
520 |a Princípy výkonového manažmentu. Faktory ocenenia výkonu zamestnanca. Formálne a neformálne hodnotenie zamestnanca. 
610 2 0 |a manažment 
610 2 0 |a výkony pracovné 
610 2 0 |a hodnotenie práce 
610 2 0 |a hodnotenie pracovné 
610 2 0 |a hodnotenie pracovníkov 
100 1 |a Jarina, Ladislav